Catálogo público

Física : una mirada al mundo / Larry D. Kirkpatrick y Gregory E. Francis; traducción Miguel Martínez Sarmiento; revisión técnica Nora Natalia Martínez (Record no. 217155)

MARC details
000 -CABECERA
campo de control de longitud fija 01207nam a2200313Ia 4500
001 - NÚMERO DE CONTROL
campo de control Z_6626
008 - DATOS DE LONGITUD FIJA--INFORMACIÓN GENERAL
campo de control de longitud fija 220601s9999 xx 000 0 und d
020 ## - NÚMERO INTERNACIONAL ESTÁNDAR DEL LIBRO
Número Internacional Estándar del Libro 978-607-481-297-8
082 ## - NÚMERO DE LA CLASIFICACIÓN DECIMAL DEWEY
Número de clasificación 530.1 K57
100 ## - ENTRADA PRINCIPAL--NOMBRE DE PERSONA
Nombre de persona Kirkpatrick, Larry D., 1941-
9 (RLIN) 184044
245 ## - MENCIÓN DE TÍTULO
Título Física : una mirada al mundo / Larry D. Kirkpatrick y Gregory E. Francis; traducción Miguel Martínez Sarmiento; revisión técnica Nora Natalia Martínez
250 ## - MENCIÓN DE EDICIÓN
Mención de edición 6a ed.
260 ## - PUBLICACIÓN, DISTRIBUCIÓN, ETC.
Lugar de publicación, distribución, etc. México : Cengage Learning
300 ## - DESCRIPCIÓN FÍSICA
Extensión xxxi, 603 p., A-I p.
500 ## - NOTA GENERAL
Nota general Traducción de la obra en inglés: Physics : a world view 6a ed.
503 ## - NOTA DE HISTORIA BIBLIOGRÁFICA (BK CF MU) [OBSOLETO]
Nota de historia bibliográfica ej.1: consumo \ ej.2: consumo\ ej.3: consumo
650 ## - PUNTO DE ACCESO ADICIONAL DE MATERIA--TÉRMINO DE MATERIA
Término de materia o nombre geográfico como elemento de entrada 1. Física
9 (RLIN) 154865
650 ## - PUNTO DE ACCESO ADICIONAL DE MATERIA--TÉRMINO DE MATERIA
Término de materia o nombre geográfico como elemento de entrada Propiedades físicas tiempo y espacio
9 (RLIN) 145399
650 ## - PUNTO DE ACCESO ADICIONAL DE MATERIA--TÉRMINO DE MATERIA
Término de materia o nombre geográfico como elemento de entrada Mecánica
9 (RLIN) 73810
650 ## - PUNTO DE ACCESO ADICIONAL DE MATERIA--TÉRMINO DE MATERIA
Término de materia o nombre geográfico como elemento de entrada Electricidad y magnetismo
9 (RLIN) 145396
650 ## - PUNTO DE ACCESO ADICIONAL DE MATERIA--TÉRMINO DE MATERIA
Término de materia o nombre geográfico como elemento de entrada Física de partículas
9 (RLIN) 145398
650 ## - PUNTO DE ACCESO ADICIONAL DE MATERIA--TÉRMINO DE MATERIA
Término de materia o nombre geográfico como elemento de entrada Física de ondas
9 (RLIN) 145397
700 ## - PUNTO DE ACCESO ADICIONAL--NOMBRE DE PERSONA
Nombre de persona Francis, Gregory E. coaut. \ Martínez Sarmiento, Miguel, tr. \ Martínez, Nora Natalia, rev.Ì
9 (RLIN) 184046
901 ## - ELEMENTOS DE DATOS A LOCAL LDA (RLIN)
a 530.1 K57
902 ## - ELEMENTOS DE DATOS B LOCAL, LDB (RLIN)
a M
905 ## - ELEMENTOS DE DATOS E LOCAL, LDE (RLIN)
a 523227 2001 mx adn 9221113311spa16
942 ## - ELEMENTOS DE PUNTO DE ACCESO ADICIONAL (KOHA)
Tipo de ítem Koha Libro_
Holdings
Estado de retiro Estado de pérdida Fuente del sistema de clasificación o colocación Estado dañado No para préstamo Código de colección Localización permanente Ubicación/localización actual Ubicación en estantería Fecha de adquisición Total de préstamos Código de barras Fecha visto por última vez Número de copia Precio válido a partir de Tipo de ítem Koha
    Dewey Decimal Classification     General Zootecnia Zootecnia   11/09/2015   z_6505 02/06/2022 3 02/06/2022 Libro
    Dewey Decimal Classification     General Zootecnia Zootecnia   11/09/2015   z_6503 02/06/2022 1 02/06/2022 Libro
    Dewey Decimal Classification     General Zootecnia Zootecnia   11/09/2015   z_6504 02/06/2022 2 02/06/2022 Libro